| 000 | 00865cam a22002411 4500 | ||
|---|---|---|---|
| 001 | sa 68015261 | ||
| 003 | DLC | ||
| 005 | 20260227112642.0 | ||
| 008 | 700601s1959 ii af b 100 0 eng | ||
| 010 | _asa 68015261 | ||
| 040 |
_aDLC _cDLC _dDLC |
||
| 050 | 0 | 0 |
_aQC176.2 _b.S9 1958 |
| 111 | 2 |
_aSymposium on Crystal Physics, _cCalcutta, _d1958. |
|
| 245 | 0 | 0 | _aProceedings. |
| 260 |
_aNew Delhi, _bNational Institute of Sciences of India, _c1959. |
||
| 300 |
_aviii, 178 p. _billus., plates. _c25 cm. |
||
| 490 | 1 |
_aNational Institute of Sciences of India. Bulletin, _vno. 14 |
|
| 500 | _aOrganized by the Council of the National Institute of Sciences of India. | ||
| 504 | _aIncludes bibliographies. | ||
| 650 | 0 | _aCrystals. | |
| 710 | 2 | _aNational Institute of Sciences of India. | |
| 830 | 0 |
_aBulletin of the National Institute of Sciences of India ; _vno. 14. |
|
| 999 |
_c86349 _d86349 |
||